| 000 | 01587cam a2200649 4500 | ||
|---|---|---|---|
| 001 | J86860 | ||
| 008 | 090401t1997 xxu||||| |||| 00| 0 eng d | ||
| 035 | _a(Sirsi) u81256 | ||
| 041 | _aeng | ||
| 050 | _a333.33095 | ||
| 110 |
_aFPD Strategic _93536 |
||
| 245 | _aAsia-Pacific real estate handbook (1997). | ||
| 260 |
_aHong Kong _bFPD Strategic _c1997 |
||
| 300 | _a160p. : ill.,maps ; 25cm. | ||
| 350 | _a0 | ||
| 520 | _aIncludes rents and background information such as investment policy, taxation and measurement of area. | ||
| 650 | _aASIA PACIFIC | ||
| 650 | _aAUCKLAND | ||
| 650 | _aAUSTRALIA | ||
| 650 | _aBANGKOK | ||
| 650 | _aBEIJING | ||
| 650 | _aBOMBAY | ||
| 650 | _aCHINA | ||
| 650 | _aPROPERTY-COMMERCIAL PROPERTY | ||
| 650 | _aGUANGZHOU | ||
| 650 | _aHANOI | ||
| 650 | _aHO CHI MINH CITY | ||
| 650 | _aHONG KONG | ||
| 650 | _aINDIA | ||
| 650 | _aINDONESIA | ||
| 650 | _aJAKARTA | ||
| 650 | _aJAPAN | ||
| 650 | _aKUALA LUMPUR | ||
| 650 | _aMALAYSIA | ||
| 650 | _aMANILA | ||
| 650 |
_aMeasurement _96256 |
||
| 650 | _aMELBOURNE | ||
| 650 | _aNEW ZEALAND | ||
| 650 | _aOFFICES | ||
| 650 | _aPHILIPPINES | ||
| 650 | _aRENTS | ||
| 650 |
_aRESIDENTIAL PROPERTY _96266 |
||
| 650 | _aSEOUL | ||
| 650 | _aSHANGHAI | ||
| 650 | _aSINGAPORE | ||
| 650 | _aREPUBLIC OF KOREA | ||
| 650 | _aSYDNEY | ||
| 650 | _aTAIPEI | ||
| 650 | _aTAIWAN | ||
| 650 | _aTHAILAND | ||
| 650 | _aTOKYO | ||
| 650 | _aVIETNAM | ||
| 650 | _aWELLINGTON | ||
| 690 | _aOVERSEAS-REST OF THE WORLD | ||
| 942 | _n0 | ||
| 948 | _c06/10/1997 | ||
| 999 |
_c96686 _d96686 |
||